| 000 | 00721nam a2200241 a 4500 | ||
|---|---|---|---|
| 008 | |||
| 020 | _a0072402210 (pbk.) | ||
| 049 | _aMAIN | ||
| 090 |
_aTA330 _bINT |
||
| 245 | 1 | 0 |
_aIntroduction to engineering design and problem solving / _cArvid R. Eide... [et al.] |
| 250 | _a2nd ed. | ||
| 260 |
_aBoston : _bMc-Graw Hill, _c2002. |
||
| 300 |
_ax, 230 p : _bill.(some col). ; _c24 cm. |
||
| 500 | _aIncludes index. | ||
| 504 | _aIncludes bibliographical references. | ||
| 650 | _aEngineering mathematics. | ||
| 700 | _aEide, Arvid R. | ||
| 907 |
_a.b10286561 _b14-06-11 _c05-11-10 |
||
| 003 | |||
| 005 | 20230123125136.0 | ||
| 040 | _cNUST | ||
| 942 |
_cBOOKS _kTA330 _mINT |
||
| 999 |
_c136445 _d136445 |
||